Statistics for Willy Wonka Candy 🍫

Click here to take the quiz!

General Stats

  • This quiz has been taken 125 times
    (105 since last reset)
  • The average score is 3 of 9

Answer Stats

HintCandy% Correct
"The perfect candy bar"{Wonka} Bar
93%
Changes flavors, never gets smaller{Everlasting} {Gobstopper}
63%
Unusually-shaped rock candy, usually two flavors per box{Nerds}
40%
Fruit-flavored slabs of taffy{Laffy} {Taffy}
36%
Scrumptious toffee, crispy cookie, and crunchy peanuts{Scrumdiddlyumptious} Bar
27%
Candies in the shape, color, and flavor of various fruits{Runts}
25%
Sweet-and-sour colored powdered candy{Pixy} {Stix}
20%
Hard sweet-and-sour fruit-flavored candies{SweeTarts}
12%
Compressed dextrose candy with colored fruit-flavored shell{Spree}
7%

Score Distribution

Percentile by Number Answered

Percent of People with Each Score

Your Score History

You have not taken this quiz since the last reset